000 00235nam a22001217a 4500
040 _cSY
082 _a616
100 _aSAMAYAJULU GARU
245 _aVeterinary pathology.
260 _aNA
_bSAM
_c1983
300 _a201p.
942 _cEK
999 _c10323
_d10323